Osvedčená akcieschopná jednotka

Globalizačné trendy. Proces oslabovania úlohy štátu. Medzinárodný terorizmus. Malajzia a jej obyvateľstvo. Stručná geograficko-ekonomická charakteristika Malajzie. Hospodárske úspechy Malajzie. Hospodárske napojenie krajiny na svetové hospodárstvo a vplyv islamského fundamentalizmu. Program branných...

Ausführliche Beschreibung

Gespeichert in:
Bibliographische Detailangaben
1. Verfasser: Pressburg, Adrian Peter
Format: Buchkapitel
Sprache:Slowakisch
Schlagworte:
Tags: Tag hinzufügen
Keine Tags, Fügen Sie das erste Tag hinzu!

MARC

LEADER 00000naa$a2200000$$$4500
001 0005690
005 20230926070334.1
041 0 |a slo 
044 |a SK 
245 1 0 |a Osvedčená akcieschopná jednotka  |c aut. Adrian Peter Pressburg 
520 |a Globalizačné trendy. Proces oslabovania úlohy štátu. Medzinárodný terorizmus. Malajzia a jej obyvateľstvo. Stručná geograficko-ekonomická charakteristika Malajzie. Hospodárske úspechy Malajzie. Hospodárske napojenie krajiny na svetové hospodárstvo a vplyv islamského fundamentalizmu. Program branných výcvikových táborov pre mládež oboch pohlaví. 
610 2 0 |a globalizácia 
610 2 0 |a politika zahraničná 
610 2 0 |a terorizmus 
610 2 0 |a globalizácia hospodárstva 
610 2 0 |a Malajzia 
610 2 0 |a situácia hospodárska 
610 2 0 |a hospodárstvo svetové 
100 1 |a Pressburg, Adrian Peter